Länder, die die meisten Tierarten beherbergen - Statistiken

Allgemein
  • Dieses Quiz wurde 354 mal gespielt
  • Das Durchschnittsergebnis liegt bei 12 aus 17
Antwortstatistiken
Land % Korrekt
Brasilien
92%
Volksrepublik China
91%
Vereinigte Staaten
90%
Australien
89%
Indien
87%
Südafrika
75%
Indonesien
74%
Mexiko
74%
Demokratische Republik Kongo
72%
Kolumbien
68%
Peru
66%
Venezuela
59%
Ecuador
53%
Madagaskar
48%
Malaysia
44%
Philippinen
42%
Papua-Neuguinea
39%
Keine übereinstimmenden Quizze gefunden
Verteilung der Resultate
Anzahl Personen mit jedem Resultat
Perzentil nach korrekt beantworteten Fragen
Ihre Resultats-Entwicklung
Sie haben dieses Quiz noch nicht gespielt